| 000 | 00760nmc a2200241 a 4500 | ||
|---|---|---|---|
| 003 | AR-BaBNM | ||
| 005 | 20251128205228.0 | ||
| 008 | 047019s1980 ||||||||||||||000 | spa|| | ||
| 040 | _cAR-BaBNM | ||
| 100 | 1 | _aBidart Campos, Germán J. | |
| 245 | 1 | 0 | _aPoder de policía de moralidad en materia de espectáculos y de publicaciones en la Capital Federal |
| 250 | _a1ª ed. | ||
| 260 |
_aBuenos Aires _bMunicipalidad de la Ciudad de Buenos Aires. Secretaria de Cultura _c1980 |
||
| 300 | 0 | _a151 p. | |
| 490 | 0 |
_aTemas permanentes de la ciudad _vv. 1 |
|
| 650 | 4 | _aPODER POLICIAL | |
| 650 | 4 | _aPROTECCION SOCIAL | |
| 650 | 4 | _aACTIVIDADES CULTURALES | |
| 650 | 4 | _aMATERIAL IMPRESO | |
| 650 | 4 | _aLIBERTAD DE EXPRESION | |
| 942 | _cBK | ||
| 998 | _cCARMEN | ||
| 999 |
_c10521 _d10521 |
||